Lacewings in the crop environment /

Bibliographic Details
Other Authors: McEwen, Peter (Peter K.), New, T. R., Whittington, A.E
Format: Book
Language:English
Published: Cambridge, UK ; New York : Cambridge University Press, [2001]
Subjects:

MARC

Tag First Indicator Second Indicator Subfields
LEADER 00000cam a22000004a 4500
001 in00001639621
005 20151023084216.0
008 000901s2001 enkab b 001 0 eng
010 |a  00045533  
015 |a GBA1-35075 
019 |a 47193440 
020 |a 0521772176 
035 |a (OCoLC)ocm44979618 
040 |a DLC  |c DLC  |d UKM  |d AGL  |d UtOrBLW 
042 |a pcc 
049 |a TXAM 
050 0 0 |a SF562.L33  |b L23 2001 
070 0 |a SF562.L33  |b L23 2001 
072 0 |a F821 
082 0 0 |a 632/.96  |2 21 
245 0 0 |a Lacewings in the crop environment /  |c edited by P.K. McEwen, T.R. New, A.E. Whittington. 
264 1 |a Cambridge, UK ;  |a New York :  |b Cambridge University Press,  |c [2001] 
264 4 |c ©2001 
300 |a xviii, 546 pages :  |b illustrations, maps ;  |c 26 cm. 
336 |a text  |b txt  |2 rdacontent 
337 |a unmediated  |b n  |2 rdamedia 
338 |a volume  |b nc  |2 rdacarrier 
504 |a Includes bibliographical references and indexes. 
650 0 |a Lacewings. 
650 0 |a Agricultural pests  |x Biological control. 
700 1 |a McEwen, Peter  |q (Peter K.) 
700 1 |a New, T. R. 
700 1 |a Whittington, A.E. 
994 |a E0  |b TXA 
948 |a cataloged  |b h  |c 2001/11/29  |d c  |e bwalker  |f 9:19:45 am 
999 |a MARS 
999 f f |s 459d69dc-73c7-39f5-b6fe-fe1f1d9e0f81  |i 9ff87220-3180-3aad-bc82-55f1d4c7a7ae  |t 0 
952 f f |p ric  |a Texas A&M University  |b Rellis Campus  |c Joint Library Facility  |d Remote Storage  |t 0  |e SF562.L33 L23 2001  |h Library of Congress classification  |i unmediated -- volume  |m A14828338115 
998 f f |a SF562.L33 L23 2001  |t 0  |l Remote Storage